<?xml version="1.0" encoding="UTF-8"?>
<record
    xmlns:xsi="http://www.w3.org/2001/XMLSchema-instance"
    xsi:schemaLocation="http://www.loc.gov/MARC21/slim http://www.loc.gov/standards/marcxml/schema/MARC21slim.xsd"
    xmlns="http://www.loc.gov/MARC21/slim">

  <leader>01006nam a2200217 i 4500</leader>
  <controlfield tag="001">184584</controlfield>
  <controlfield tag="003">ES-MaACL</controlfield>
  <controlfield tag="005">20250826010036.0</controlfield>
  <controlfield tag="008">151023s1912    sp           |||| | spa d</controlfield>
  <datafield tag="245" ind1="0" ind2="3">
    <subfield code="a">La representaci&#xF3;n aragonesa en la Junta Central Suprema : </subfield>
    <subfield code="b">(25 septiembre 1808-29 enero 1810) / </subfield>
    <subfield code="c">transcripci&#xF3;n y estudio preliminar de Pedro Long&#xE1;s Bartib&#xE1;s.</subfield>
  </datafield>
  <datafield tag="260" ind1=" " ind2=" ">
    <subfield code="a">[S.l.] : </subfield>
    <subfield code="b">[s.n.], </subfield>
    <subfield code="c">[1912] (</subfield>
    <subfield code="e">Zaragoza : </subfield>
    <subfield code="f">Imp. de Carra)</subfield>
  </datafield>
  <datafield tag="300" ind1=" " ind2=" ">
    <subfield code="a">XXXVII, 250 p. ; </subfield>
    <subfield code="c">22 cm.</subfield>
  </datafield>
  <datafield tag="490" ind1="1" ind2=" ">
    <subfield code="a">Colecci&#xF3;n de documentos para el estudio de la historia de Arag&#xF3;n ;</subfield>
    <subfield code="v">7</subfield>
  </datafield>
  <datafield tag="610" ind1="2" ind2="4">
    <subfield code="a">Espa&#xF1;a. </subfield>
    <subfield code="b">Junta Suprema Central-</subfield>
    <subfield code="v">Historia-</subfield>
    <subfield code="v">Fuentes.</subfield>
    <subfield code="9">158005</subfield>
  </datafield>
  <datafield tag="651" ind1=" " ind2="4">
    <subfield code="a">Arag&#xF3;n-</subfield>
    <subfield code="x">Historia-</subfield>
    <subfield code="y">S.XIX-</subfield>
    <subfield code="v">Fuentes.</subfield>
    <subfield code="9">158006</subfield>
  </datafield>
  <datafield tag="651" ind1=" " ind2="4">
    <subfield code="a">Espa&#xF1;a-</subfield>
    <subfield code="x">Historia-</subfield>
    <subfield code="y">1808-1814, Guerra de la Independencia-</subfield>
    <subfield code="v">Fuentes.</subfield>
    <subfield code="9">142504</subfield>
  </datafield>
  <datafield tag="700" ind1="1" ind2=" ">
    <subfield code="a">Long&#xE1;s Bartib&#xE1;s, Pedro.</subfield>
    <subfield code="9">73232</subfield>
  </datafield>
  <datafield tag="830" ind1="0" ind2="0">
    <subfield code="a">Colecci&#xF3;n de documentos para el estudio de la historia de Arag&#xF3;n</subfield>
    <subfield code="v">7</subfield>
    <subfield code="9">192177</subfield>
  </datafield>
  <datafield tag="852" ind1=" " ind2=" ">
    <subfield code="a">ES-MaACL</subfield>
    <subfield code="j">C-2176</subfield>
  </datafield>
  <datafield tag="999" ind1=" " ind2=" ">
    <subfield code="c">184584</subfield>
    <subfield code="d">184584</subfield>
  </datafield>
  <datafield tag="952" ind1=" " ind2=" ">
    <subfield code="0">0</subfield>
    <subfield code="1">0</subfield>
    <subfield code="4">0</subfield>
    <subfield code="7">0</subfield>
    <subfield code="a">ATENEOM</subfield>
    <subfield code="b">ATENEOM</subfield>
    <subfield code="c">SPAL</subfield>
    <subfield code="d">2015-10-23</subfield>
    <subfield code="e">SC</subfield>
    <subfield code="l">0</subfield>
    <subfield code="o">C-2176</subfield>
    <subfield code="p">1194334</subfield>
    <subfield code="r">2023-02-23 00:00:00</subfield>
    <subfield code="w">2023-02-23</subfield>
    <subfield code="y">MONOGRAFIA</subfield>
  </datafield>
</record>
